The complete guide to cross training /

Saved in:
Bibliographic Details
Main Author: Hayes, Fiona
Format: Book
Language:English
Published: London : A & C Black, 1998.
Subjects:
LEADER 01185cam a2200325 a 4500
001 c000396286
003 CARM
005 20140225085429.0
008 140225s1998 enka b 001 0 eng d
019 1 |a 14164382  |5 LACONCORD2021 
020 |a 071364883X (pbk.) 
035 |a (OCoLC)40427018  |5 LACONCORD2021 
040 |a AP  |b eng  |c AP  |d VTIS  |d VCML 
050 4 |a RA781  |b .H39 1998 
082 0 4 |a 796.071  |2 21 
082 0 4 |a 613.71  |2 21 
100 1 |a Hayes, Fiona. 
245 1 4 |a The complete guide to cross training /  |c Fiona Hayes. 
260 |a London :  |b A & C Black,  |c 1998. 
300 |a viii, 167 p. :  |b ill. ;  |c 23 cm. 
500 |a "Approved product: the Exercise Association"--Cover. 
504 |a Includes bibliographical references (p. 162) and index. 
650 0 |a Physical fitness. 
650 0 |a Exercise. 
650 0 |a Physical education and training. 
852 8 |b CARM  |p 0601064  |f BK 
852 8 |b SCAN  |h A3:AH18D0  |i F08772  |p 0601064  |f BK 
999 f f |i 2f766b3f-5510-5d3b-9342-18753fb68a7f  |s e99b01f9-25eb-56ff-92dc-847a8e873947 
952 f f |p Can circulate  |a CAVAL  |b CAVAL  |c CAVAL  |d CARM 1 Store  |i book  |m 0601064 
952 f f |a CAVAL  |b CAVAL  |c CAVAL  |d Unmapped Location  |e F08772  |f A3:AH18D0  |h Other scheme